Statistics for Countries that Border China

Click here to take the quiz!

General Stats

  • This quiz has been taken 62 times
  • The average score is 13 of 14

Answer Stats

Land Border in MilesAnswer% Correct
2906 milesMongolia
98%
879 milesNorth Korea
98%
2264 milesRussia
98%
292 milesBhutan
96%
768 milesNepal
96%
2100 milesIndia
95%
262 milesLaos
93%
795 milesVietnam
93%
1357 milesMyanmar
91%
324 milesPakistan
91%
47 milesAfghanistan
89%
257 milesTajikistan
89%
952 milesKazakhstan
84%
533 milesKyrgyzstan
84%

Score Distribution

Percentile by Number Answered

Percent of People with Each Score

Your Score History

You have not taken this quiz